Geography by Letter on the Map of Oceania - C - Statistics

General Stats
  • This quiz has been taken 4,268 times
  • The average score is 4 of 10
Answers on the Map
Answers color-coded by a green-red scale on the quiz's map according to % correct below.
 
Answer Stats
Answer % Correct
Canberra
94%
Christchurch
77%
Coral Sea
62%
Cairns
51%
Cook Islands
44%
Canterbury
16%
Chatham Islands
14%
Choiseul Island
8%
Chuuk State
8%
Cooper Creek
6%
No matching quizzes found
Score Distribution
Percent of People with Each Score
Percentile by Number Answered
Your Score History
You have not taken this quiz